000 00854cam a2200301 a 4500
001 60346
003 CO-BoRNBP
005 20260126214800.0
007 ta
008 190621s2017 ck gr 000 fdspa
020 _a9789584264138
020 _a9584264133
040 _aCO-BoBN
_bspa
_cCO-BoBN
082 0 4 _aCo863.44
_223
084 _a0
100 1 _aCastro Caycedo, Germán,
_d1940-2021
_945586
245 1 0 _aColombia X /
_cGermán Castro Caycedo
250 _a1a. ed.
300 _a305 p. ;
_c23 cm
336 _2rdacontent
_atexto
_btxt
337 _2rdamedia
_asin mediación
_bn
338 _2rdacarrier
_avolumen
_bnc
490 0 _aPlaneta. Biblioteca
500 _aIncluye datos biográficos del autor
650 1 4 _aNovela colombiana
_ySiglo XX
_2LEMB
_9426
942 _2ddc
_cBK
990 _a2019-3035
_bEditorial Planeta Colombiana S.A.
999 _c60346
_d60346